Statistiques concernant Les personnages jouables de DBZ: KAKAROT

Cliquez ici pour prendre le quiz!

Statistiques générales

  • Ce quiz a été pris 104 fois
  • Le résultat moyen est 10 sur 14

Statistiques - réponses

Personnage% Correct
Son Gohan
100%
JouablesSon Goku
100%
Vegeta
100%
Piccolo
92%
Son Goten
92%
SoutiensKrilin
77%
Yamcha
76%
Tenshinhan
71%
C-18
56%
Chaozu
54%
Vegeto
48%
Gotenks
43%
Trunks du futur
34%
Trunks (petit)
24%

Distribution des résultats

Percentile par nombre de réponses

% des personnes avec chaque résultat

Votre développement - résultats

Vous n’avez pas pris ce quiz